000 00460nam a2200169Ia 4500
008 240428s9999||||xx |||||||||||||| ||und||
020 _a9780226349763
041 _aeng
082 _a306.362H
100 _aHolsey, Bayo
245 0 _aRoutes of remembrance : refashioning the slave in Ghana
260 _bThe University of Chicago
_aChicago
_c2008
300 _axiii,280p.: photos
650 _aSlave trade -- Ghana -- History.
942 _cBK
999 _c396
_d396